U.S. States with the Most Hawaiians - Statistics

General Stats
  • This quiz has been taken 47 times
  • The average score is 9 of 10
Answer Stats
Rank Hawaiians State % Correct
7 13,839 Arizona
98%
2 95,165 California
98%
3 31,061 Washington
98%
1 317,497 Hawaii
95%
8 13,085 Florida
90%
5 23,234 Texas
90%
4 26,628 Nevada
85%
6 15,446 Oregon
85%
9 11,753 Utah
73%
10 9,873 Colorado
70%
No matching quizzes found
Score Distribution
Percent of People with Each Score
Percentile by Number Answered
Your Score History
You have not taken this quiz